Slovensko-rakúske obchodné vzťahy Slovak trade forum - roč. I. (IV.), č. 3 (19) : časopis na podporu zahraničného obchodu

Salvato in:
Dettagli Bibliografici
Natura: Libro
Lingua:slovacco
tedesco
Pubblicazione: Bratislava Media plus 1998
Soggetti:
Tags: Aggiungi Tag
Nessun Tag, puoi essere il primo ad aggiungerne!!

MARC

LEADER 00000nam a2200000 4500
001 c119657
005 20240104101334.5
022 |a 1335-3454 
041 0 |a slo 
041 0 |a ger 
044 |a SK 
245 1 0 |a Slovensko-rakúske obchodné vzťahy  |b Slovak trade forum - roč. I. (IV.), č. 3 (19) : časopis na podporu zahraničného obchodu 
264 1 |a Bratislava  |b Media plus  |c 1998 
300 |a 103 s. 
610 2 0 |a vzťahy obchodné 
610 2 0 |a vzťahy hospodárske medzinárodné 
610 2 0 |a Slovensko 
610 2 0 |a Rakúsko 
610 2 0 |a obchod zahraničný 
610 2 0 |a dovoz 
610 2 0 |a vývoz 
610 2 0 |a kooperácia hospodárska medzinárodná 
610 2 0 |a globalizácia 
610 2 0 |a trh poistný 
610 2 0 |a stavebníctvo 
610 2 0 |a ochrana spotrebiteľa 
610 2 0 |a financie medzinárodné 
610 2 0 |a investície 
610 2 0 |a spolupráca hospodárska medzinárodná 
610 2 0 |a podnikanie